|
|
|
|
| LEADER |
00000nam a2200000 i 4500 |
| 001 |
in00000000734 |
| 005 |
20251126075706.7 |
| 002 |
06 526547/Н71-020486 |
| 008 |
080130s2007 unr l000 0yukr d |
| 020 |
|
|
|a 978966344186-3
|c 18.00 грн
|
| 035 |
|
|
|a ( UA-KiNSAL)06 526547/Н71-020486
|
| 040 |
|
|
|a UA-KiNSAL
|b ukr
|c UA-KiNSAL
|
| 080 |
|
|
|a 634+663.25(082)
|
| 090 |
|
|
|a 634+663.25(082)
|b Н71
|
| 245 |
0 |
0 |
|a Виноградарство і виноробство :
|b міжвід. темат. наук. зб. /
|c Укр. акад. аграр. наук, ННЦ "Інститут виноградарства і виноробства ім. В.Є.Таїрова".
|p Вип. 44
|
| 260 |
|
|
|a Б.м. :
|b Optimum,
|c 2007
|
| 300 |
|
|
|a 189с.
|
| 530 |
|
|
|a Original record
|u https://kubg.libs.net.ua/kubg_recs/0000020033.txt
|
| 650 |
0 |
4 |
|a Виноградарство
|x Збірники наукових праць
|
| 650 |
0 |
4 |
|a Виноробство
|x Збірники наукових праць
|
| 942 |
|
|
|2 UDC
|c BK
|
| 952 |
|
|
|b книга
|z 20080130
|i 06 526547
|j 06 526547/Н71-020486
|o 634+663.25(082) Н71
|a 67
|g 18.00
|c 1
|
| 952 |
|
|
|b книга
|z 20080303
|i 06 526548
|j 06 526547/Н71-020486
|o 634+663.25(082) Н71
|g 18.00
|c 2
|
| 952 |
|
|
|b книга
|z 20080303
|i 06 526549
|j 06 526547/Н71-020486
|o 634+663.25(082) Н71
|g 18.00
|c 3
|
| 920 |
|
|
|a SPEC
|
| 961 |
|
|
|a 691
|
| 991 |
0 |
0 |
|a 06 526547/Н71-020486
|
| 997 |
|
|
|a 0000020033
|
| 998 |
|
|
|a 20033
|
| 999 |
f |
f |
|i cd2b1111-5625-4e54-806e-3e478d5e47d2
|s ba27aa90-8728-45cf-95cd-b7df3ed8c840
|t 0
|